Cómo elaborar proyectos institucionales de lectura : experiencias, reflexiones, propuestas /

Guardado en:
Autor Principal: Actis, Beatriz
Formato: Libro
Publicado: Rosario : Homo Sapiens, 2006
Edición:1a. ed., 1a. reimp.
Series:Educación
Materias:
Etiquetas: Agregar Etiqueta
Sin Etiquetas, Sea el primero en etiquetar este registro!
LEADER 00843nam a22002295a 4500
001 CEM.cems012359
005 20061204170118.0
008 130507s2006##################000#0#####d
003 CEMS
020 |a 9508084448 
082 0 4 |a 372.4 
100 1 |a Actis, Beatriz 
245 1 0 |a Cómo elaborar proyectos institucionales de lectura :  |b experiencias, reflexiones, propuestas /  |c Beatriz Actis 
250 |a 1a. ed., 1a. reimp. 
260 |a Rosario :  |b Homo Sapiens,  |c 2006 
300 |a 146 p. 
490 0 |a Educación 
504 |a Referencias bibliográficas p. 143-146 
505 0 |a Hacia un proyecto institucional de lectura -- El plan de lectura literaria: como organizar el currículo -- El plan de comprensión de textos 
653 |a Educación 
653 |a Educación-proyectos 
859 |a CEMS  |b BIB. CEMS - 11 de abril  |h 372.4  |i Ac76  |p 23642.06  |t Ej.1